| 000 | 00676nam a2200205Ia 4500 | ||
|---|---|---|---|
| 001 | 17934 | ||
| 003 | GE_BSU | ||
| 008 | 181216s||||||||xx |||||||||||||| ||und|| | ||
| 040 | _cGE_BSU | ||
| 080 | _a821-353.1-32 | ||
| 100 | _aლომთათიძე,ჭოლა | ||
| 245 | _aრჩეული თხზულებანი: ორ ტომად.1901-1910 ტ.1 | ||
| 245 | _cშემდგ.: გ.ციციშვილი | ||
| 260 | _aთბილისი | ||
| 260 | _bსაბჭოთა საქართველო | ||
| 260 | _c1971 | ||
| 300 | _a314გვ.20სმ. | ||
| 653 | _aრჩეული თხზულებანი | ||
| 942 | _cBK | ||
| 999 |
_c50977 _d50977 |
||